000 00911cam a2200253 a 4500
001 000005939
005 20200929151842.0
008 780919s1974 sp a 001 p spa
020 _a8400040783
040 _aDO-SdBNP
_cDLC
_dDLC
082 _a861.64
_bB886a
100 1 _aBru Celma, Eduardo Javier,
_d1949-
_916734
245 1 0 _aAnden Oeste /
_cEduardo Javier Bru Celma.
260 _aZaragoza, España :
_bInstitución Fernando el Católico,
_c1974.
300 _a61 p. :
_bil. ;
_c25 cm.
490 1 _a"San Jorge"
_vvol. 7
490 1 _aPublicación de la Institución Fernando el Católico
_vno. 586
586 _aPremio "San Jorge", 1973.
650 4 _aPoesía española
_9631
650 4 _aLiteratura española
_ySIGLO XXI
_94846
830 0 _a"San Jorge" ;
_vno. 7.
_914363
830 0 _aPublicación de la Institución Fernando el Católico ;
_vno. 586.
_914666
910 _aCatalogación por copia / LC
999 _c5735
_d5735